000
00339 a2200157 4500
001
57142
020
_a
9788516060404
040
_c
Anchieta - Pituba
100
_a
Bernardi, Tati
240
1
0
_a
A menina da árvore
_l
por
245
1
0
_a
A menina da árvore
300
_a
88
362
0
_a
2008
650
4
_a
Literatura juvenil
942
_c
BK
999
_c
57142
_d
57142